000 00817nam a2200205 a 4500
003 0
005 20250221144020.0
008 110105s19uu xx 00 eng d
050 _aPHS HB 3722
_b.An1 2010
100 _aAndres, Conrado V I.
245 _aA comparative analysis of the 1997 Asian financial crisis and 2007 American financial crisis :
_ba keynesian perspective /
_cConrado I. Andres V.
260 _aLas Piñas City, Philippines :
_bSouthville International School and Colleges,
_c2010.
300 _a37 pages :
_billustrations ;
_c30 cm.
504 _aIncludes bibliographical references.
650 _aComparative economic systems.
650 _aFinancial crises
_zAsia
_y1997–1998.
650 _aFinancial crises
_zUnited States
_y2007–2009.
650 _aKeynesian economics.
942 _2lcc
_cPASS
999 _c98478
_d98478